| 000 | 00549nam a2200169 a 4500 | ||
|---|---|---|---|
| 008 | 120416s1968 ||||||||||||||||| || u | ||
| 050 | _aQK 711 Wig | ||
| 100 | _aWight, Francis Gordon | ||
| 245 | 1 | 0 | _aPlant physiology |
| 246 | _abiology unit one | ||
| 260 |
_aLondon _bEdward Arnold _c1968 |
||
| 300 | _avii, 71p. | ||
| 350 | _a0.00 | ||
| 650 | _aPLANTS | ||
| 650 | _aPLANTS--PHYSIOLOGY | ||
| 995 |
_D0.00 _FCBU-MAIN LIBRARY (Kitwe) _H1 _I1.50 _M1 _UAVAILABLE _ZMain Library Open Access Collection |
||
| 999 |
_c53756 _d53756 |
||